000
00324nam a2200109Ia 4500
008
171204s9999 xx 000 0 und d
245
_a
Personality and Close Relationship Processes:
245
_c
Stanley O. Gaines
260
_c
2016
650
_x
PERSONALITY THEORIES
856
_u
http://down.ebook777.com/052/110710968X.pdf
999
_c
346476
_d
346476